Réseaux neuronaux et traitement du signal

Avec près de 300 références et 150 illustrations, cet ouvrage contient, en plus des exposés de base, des développements théoriques parmi les plus récents qui définissent les limites et les conditions d'utilisation pour le spécialiste. Dans ce livre, les réseaux incrémentaux, l'a...

Полное описание

Сохранить в:
Библиографические подробности
Главный автор: Jeanny Hérault
Формат:
Язык:Undetermined
Опубликовано: Paris Hermès 1994
Предметы:
Метки: Добавить метку
Нет меток, Требуется 1-ая метка записи!
Thư viện lưu trữ: Trung tâm Học liệu Trường Đại học Cần Thơ
LEADER 00978nam a2200193Ia 4500
001 CTU_22376
008 210402s9999 xx 000 0 und d
082 |a 612.8 
082 |b H533 
100 |a Jeanny Hérault 
245 0 |a Réseaux neuronaux et traitement du signal 
245 0 |c Jeanny Hérault, Christian Jutten 
260 |a Paris 
260 |b Hermès 
260 |c 1994 
520 |a Avec près de 300 références et 150 illustrations, cet ouvrage contient, en plus des exposés de base, des développements théoriques parmi les plus récents qui définissent les limites et les conditions d'utilisation pour le spécialiste. Dans ce livre, les réseaux incrémentaux, l'auto-organisation et les réseaux à séparation de sources, multiples facettes des réseaux de neurones artificiels et biologiques sont abordées 
650 |a nervous systems,neurology 
904 |i Minh, 980423 
980 |a Trung tâm Học liệu Trường Đại học Cần Thơ